CONSERVATION and development of tropical forest resources : based on FAO/UNEP/Unesco Expert Meeting on Tropical Forests, Rome, 12-15 January 1982

Bibliographic Details
Corporate Author: Food and Agriculture Organization of the United Nations (FAO)
Format: Book
Published: Rome : Food and Agriculture Organization of the United Nations , 1982
Series:FAO forestry paper ; 37
Subjects:

MARC

LEADER 00000cam a2200000 7i4500
001 0000001270
005 20140402.0
020 0 0 |a 9251012679 
090 0 0 |a FAO634.928   |b CON 1982 
245 0 0 |a CONSERVATION and development of tropical forest resources :   |b based on FAO/UNEP/Unesco Expert Meeting on Tropical Forests, Rome, 12-15 January 1982 
260 0 0 |a Rome :   |b Food and Agriculture Organization of the United Nations ,   |c 1982 
300 |a ix, 122 p. ;   |c 30.cm. 
440 0 0 |a FAO forestry paper ; 37 
650 0 0 |a Forest management   |x Congresses 
650 0 0 |a Forests and forestry   |x Economic aspects   |x Congresses 
710 1 1 |a Food and Agriculture Organization of the United Nations (FAO) 
998 |a JPSM 
999 |a 0000005881   |b Monograph   |c Food and Agriculture Organization   |e Default branch